Представление документа в формате RUSMARC

ПолеНазваниеЗначение
  Тип записи i
  Библиографический уровень m
001 Контрольный номер RU\NLR\BIBL_A\011683133
005 Дата корректировки 20201206205200.7
010 Индекс ISBN __
a ISBN 978-5-9677-2486-2 (в кор.)
d Цена 234-00
100 Данные общей обработки __
a Данные общей обработки 19190422d2017|||||||y0rusy0189 ca
101 Язык документа 1_
a Язык текста rus
c Язык оригинала eng
102 Страна публикации __
a Страна публикации RU
102 Страна публикации __
a Страна публикации RU
105 Кодированные данные (монография) __
a Кодированные данные (монография) || ||zy
127 Кодированные данные (звукозаписи-физические характеристики) __
a Продолжительность проигрывания 032400
200 Заглавие и сведения об ответственности 1_
a Заглавие Сон в летнюю ночь
e Сведения, относящиеся к заглавию спектакль "Театра Музыкальной Драмы"
f Первые сведения об ответственности Вильям Шекспир ; перевод с английского Аполлона Григорьева ; сценарий и постановка Дениса Семенова ; роли исполняют: Денис Семенов [и др.] ; музыка Дмитрия Агалакова
b Общее обозначение материала Звукозапись
210 Выходные данные __
a Место издания Москва
c Издательство 1С-Паблишинг
d Дата издания 2017
215 Физическое описание __
a Объем 1 электрон. опт. диск (CD-DA)
c Иллюстрации/тип воспроизводства mp3
d Формат 12 см
225 Серия __
a Серия 1С: Аудиотеатр
225 Серия __
a Серия Аудиотеатр
230 Специфическая характеристика материала: электронные ресурсы __
a Обозначение и объем ресурса Электронные звуковые данные
300 Общие примечания __
a Общие примечания Заглавие с этикетки диска
330 Аннотация __
a Аннотация "Сон в летнюю ночь" - пьеса-сон. Постоянная загадка, дымка, облако эльфов между светом и тьмой - сумерки. Здесь все близко и далеко одновременно, ощутимо и воздушно вместе, и никто не может сказать наверняка, что правда, что сон, даже дотронувшись рукою. Обворожительный мираж, сладкий дурман цветов в росе, вечерней, ли утренней - не важно. Так что это? Шекспир показывает нам суть любви в ее плотской составляющей - влюбленности, флирта... лукаво улыбаясь... Достаточно отвернуться!.. заснуть!.. чтобы совершенно перепутать предмет ее устремлений! Достаточно тронуть мираж, чтобы он рассыпался или принял совершенно противоположные формы! Но улыбка-усмешка его - прекрасна. Добра и светла. Как прекрасно это душистое яркое чувство первой любви-влюбленности, "грозящее" с восходом солнца, из туманного миража, все-таки превратиться уже в Любовь.
333 Примечание о целевом назначении __
a Примечание о целевом назначении 12+. Для детей старше 12 лет
337 Примечание о системных требованиях (электронные ресурсы) __
a Примечание о системных требованиях (электронные ресурсы) Системные требования: MS Windows 95/98/2000/XP/Vista/7/8/10 ; Pentium 100 ; ОЗУ 16 Мб ; монитор SVGA, 800x600 ; устройство чтения CD/DVD-ROM ; звуковая карта ; колонки или наушники ; мышь ; аудиосистемы с поддержкой формата MP3: музыкальный центр, CD/DVD-плеер
606 Тематические рубрики __
a Основная рубрика Музыка и зрелищные искусства
606 Тематические рубрики __
a Основная рубрика Художественное радиовещание
606 Тематические рубрики __
a Основная рубрика Художественная литература
606 Тематические рубрики __
a Основная рубрика Литература Европы (произведения)
y Географическая подрубрика Франция
610 Ключевые слова __
a Ключевые слова пьесы
610 Ключевые слова __
a Ключевые слова спектакли
610 Ключевые слова __
a Ключевые слова радиоспектакли
610 Ключевые слова __
a Ключевые слова английская литература
610 Ключевые слова __
a Ключевые слова классическая литература
610 Ключевые слова __
a Ключевые слова тема любви
610 Ключевые слова __
a Ключевые слова экранизации
686 Индексы других классификаций __
2 Код системы rubbks
a Классификационный индекс 85.381.3(2)-7я04
686 Индексы других классификаций __
2 Код системы rubbks
a Классификационный индекс 84(4Вел)51-6я04
700 Автор _1
a Фамилия Шекспир
b Имя У.
f Даты 1564-1616
g Полное личное имя Уильям
4 Код отношения 070
702 Вторичная интеллектуальная ответственность _1
a Фамилия Григорьев
b Имя А. А.
4 Код отношения Переводчик
f Даты 1822-1864
g Полное личное имя Аполлон Александрович
4 Код отношения 730
702 Вторичная интеллектуальная ответственность _1
a Фамилия Семенов
b Имя Д. Б.
4 Код отношения Сценарист
f Даты 1977-
g Полное личное имя Денис Борисович
4 Код отношения 690
4 Код отношения 570
702 Вторичная интеллектуальная ответственность _1
a Фамилия Корсукова
b Имя Н.
4 Код отношения Прочие
f Даты 1973-
g Полное личное имя Наталья
4 Код отношения 570
702 Вторичная интеллектуальная ответственность _1
a Фамилия Полежаев
b Имя М. Н.
4 Код отношения Прочие
g Полное личное имя Михаил Николаевич
4 Код отношения 570
702 Вторичная интеллектуальная ответственность _1
a Фамилия Бычков
b Имя А.
4 Код отношения Прочие
4 Код отношения 570
702 Вторичная интеллектуальная ответственность _1
a Фамилия Емельянова
b Имя Т.
4 Код отношения Прочие
g Полное личное имя Татьяна
4 Код отношения 570
702 Вторичная интеллектуальная ответственность _1
a Фамилия Агалаков
b Имя Д.
4 Код отношения Композитор
g Полное личное имя Дмитрий
4 Код отношения 230
702 Вторичная интеллектуальная ответственность _1
a Фамилия Ртвеладзе
b Имя Н.
4 Код отношения Прочие
g Полное личное имя Нелли
4 Код отношения 570
711 Наименование организации. (Альтернативная ответственность) __
a Организация/ юрисдикция Театр Музыкальной Драмы
801 Источник записи _0
a Страна RU
b Организация NLR
c Дата составления 20190422
g Правила каталогизации PSBO
801 Источник записи _2
a Страна RU
b Организация Муниципальное бюджетное учреждение культуры "Централизованная библиотечная система" г. Сургут (Центральная городская библиотека им. А. С. Пушкина)
c Дата составления 20190422
852 Данные о местонахождении __
j Шифр хранения 85.381.3(2)-7я04
i Авторский знак Ш 41
901 Тип документа __
a Ответственный КиК/Мамарузиева
t Тип документа 0
903 Характеристики (МАРС) __
a Дата передачи 20190422
969 Тип издания __
a Тип издания аудиоспектакль
a Тип издания издание для слепых
990 Данные о заказе (DOS) __
j Количество экземпляров (DOS) 2
t N записи в КСУ для И/У (DOS) 201905